Effectif France - Coupe du monde 2026 - Statistiques

Statistiques générales
  • Ce quiz a été pris 232 fois
  • Le résultat moyen est 25 sur 27
Statistiques - réponses
Poste Club Numéro Joueur % Correct
Attaquant Real Madrid 10 Kylian Mbappé
98%
Gardien AC Milan 16 Mike Maignan
98%
Défenseur Paris Saint-Germain 21 Lucas Hernandez
97%
Attaquant Bayern Munich 11 Michael Olise
97%
Attaquant Paris Saint-Germain 7 Ousmane Dembélé
97%
Défenseur Al-Hilal SFC 19 Théo Hernandez
97%
Milieu Real Madrid 8 Aurélien Tchouaméni
96%
Attaquant Paris Saint-Germain 20 Désiré Doué
96%
Sélectionneur - - Didier Deschamps
96%
Défenseur FC Liverpool 15 Ibrahima Konaté
96%
Attaquant Paris Saint-Germain 12 Bradley Barcola
95%
Défenseur Bayern Munich 4 Dayot Upamecano
95%
Défenseur FC Barcelone 5 Jules Koundé
95%
Milieu Fenerbahçe 13 N'Golo Kanté
95%
Attaquant Manchester City 24 Rayan Cherki
95%
Défenseur Arsenal FC 17 William Saliba
95%
Gardien Stade Rennais FC 1 Brice Samba
94%
Défenseur Aston Villa 3 Lucas Digne
94%
Milieu AC Milan 14 Adrien Rabiot
92%
Attaquant Inter Milan 9 Marcus Thuram
92%
Milieu Paris Saint-Germain 18 Warren Zaïre-Emery
92%
Attaquant Crystal Palace 22 Jean-Philippe Mateta
90%
Gardien RC Lens 23 Robin Risser
88%
Défenseur Chelsea FC 2 Malo Gusto
87%
Attaquant AS Monaco 25 Maghnes Akliouche
86%
Milieu AS Roma 6 Manu Koné
86%
Défenseur Crystal Palace 26 Maxence Lacroix
83%
Aucun quiz correspondant
Distribution des résultats
% des personnes avec chaque résultat
Percentile par nombre de réponses
Votre historique - résultats
Vous n’avez pas pris ce quiz